| 000 | 01343nam a2200277 a 4500 | ||
|---|---|---|---|
| 001 | 000881454 | ||
| 003 | AM-YeHGA | ||
| 005 | 20250617161642.0 | ||
| 008 | 120403s1958 ru r 000 0 rus d | ||
| 040 | _aAM-YeHGA | ||
| 041 | 1 |
_arus _heng |
|
| 100 | 1 | _aШумейкер, Дж.Ш. | |
| 245 | 1 | 0 |
_aКультура ягодных растений и винограда / _cДж.Ш. Шумейкер; Пер. с англ. Н.А. Емельяновой, О.В. Лисовской, М.П. Щикеданц; Под ред. и с предисл. : З.А. Метлицкого, А.М. Негруля. |
| 246 | 1 | 5 | _aSmall-fruit culture |
| 260 |
_aМосква : _bИзд-во иностр. лит, _c1958. |
||
| 300 |
_a558 с. : _bрис., табл. ; _c22 см. |
||
| 504 | _aБиблиогр. в подстроч. примеч. : и с. 518-539 | ||
| 650 | 1 | 4 | _aЯгодные кустарники и ягодные травянистые растения |
| 650 | 1 | 4 | _aВиноградарство |
| 700 | 1 |
_aЕмельянова, Н.А. _eпер. _4trl |
|
| 700 | 1 |
_aЛисовская, О.В. _eпер. _4trl |
|
| 700 | 1 |
_aЩикеданц, М.П. _eпер. _4trl |
|
| 700 | 1 |
_aМетлицкий, З.А. _eред., предисл. _4edt _4aui |
|
| 700 | 1 |
_aНегруль, А.М. _eред., предисл. _4edt _4aui |
|
| 090 | _c478285 | ||
| 999 |
_c474996 _d474996 |
||